000 01829cam a22004454i 4500
003 PE-LiUPU
005 20250731173122.0
008 150623s r 000 0 d
020 _a0830818359
035 _a(Sirsi) i9780830818358
040 _aPE-LiUPU
_bspa
_cPE-LiUPU
_erda
049 _aPRUA
082 0 4 _a253
_bB31
_221
100 1 _aBeck, Karl,
_eautor.
245 1 0 _aPastor Karl's Rookie Year /
_cKarl Beck.
264 1 _aDowners Grove, Illinois :
_bInterVarsity Press,
_c1993.
300 _a119 páginas :
_bilustraciones, gráficos ;
_c21 centímetros
336 _atext
_2rdacontent
337 _aunmediated
_2rdamedia
338 _avolume
_2rdacarrier
505 0 _aThe story behind out (sort of). -Corrie ten boom doesn't let us off the hook. -In defense of senior saints. -Counseling your average moral hyena. -Never trust a spiritual revolution you can't dance to truth. -The prophet Edgar (and other unlikely heroes). -A worthy adversary relinquishes his chainsaw. -Paul plants, Apollos waters, Karl frets. -Paint boldly-and trust God. -The great color-scheme schism. -Why preaching will never be an olympic event.
526 _aSEG42
526 _aSEG41
526 _aSEG40
526 _aSEG39
526 _aP94
526 _aP87
526 _aP86
526 _aP85
526 _aP77
526 _aP76
526 _aP35
650 0 4 _aTeología pastoral
_xIlustraciones.
942 _2ddc
_cBOOK
949 _a253 B31
_wDEWEY
_c1
_i49633
_lCCODEBUL1
_mBUL
_r0
_sY
_tBOOK
_u2015-6-24
_xTEOLOGIA
_PP35
_0COMPRA
_o.STAFF. Colección General
994 _aC0
_bPEPRU
596 _a1
999 _a253 B31
_wDEWEY
_c32464
_i49633
_f2021-11-12
_g6
_lCCODEBUL1
_mBUL
_r0
_sY
_tBOOK
_u2015-6-24
_xTEOLOGIA
_PP35
_0COMPRA
_o.STAFF. Colección General
_d32464
980 _81
_gALBERTO SANCHEZ Responsable de Automatización